Combat Support in Korea / (Record no. 186110)
[ view plain ]
| 000 -LEADER | |
|---|---|
| fixed length control field | 00699 a2200181 4500 |
| 003 - CONTROL NUMBER IDENTIFIER | |
| control field | NUST |
| 005 - DATE AND TIME OF LATEST TRANSACTION | |
| control field | 20221228175658.0 |
| 040 ## - CATALOGING SOURCE | |
| Transcribing agency | Nust |
| 082 ## - DEWEY DECIMAL CLASSIFICATION NUMBER | |
| Classification number | 355.41,WES |
| 100 ## - MAIN ENTRY--PERSONAL NAME | |
| Personal name | Westover, John G |
| 9 (RLIN) | 49101 |
| 245 ## - TITLE STATEMENT | |
| Title | Combat Support in Korea / |
| Statement of responsibility, etc. | Capt John G. Westover |
| 260 ## - PUBLICATION, DISTRIBUTION, ETC. | |
| Place of publication, distribution, etc. | Pakistan |
| Name of publisher, distributor, etc. | NBF |
| Date of publication, distribution, etc. | 1973 |
| 300 ## - PHYSICAL DESCRIPTION | |
| Extent | 254,p.; |
| 505 ## - FORMATTED CONTENTS NOTE | |
| Formatted contents note | Crops of Engineers (Page-1), Transportation Crops (Page-45), Chemical Crops (Page-71), Signal Crop (Page-87), Medical Crop (Page-107), Ordnance Crops (Page-123), Quartermaster Crop (Page-139), Security Combat Morale (Page-189), Short Bits (Page-213). |
| 600 ## - SUBJECT ADDED ENTRY--PERSONAL NAME | |
| Personal name | John G Westover |
| 9 (RLIN) | 106277 |
| 650 ## - SUBJECT ADDED ENTRY--TOPICAL TERM | |
| Topical term or geographic name entry element | Combat Support |
| 9 (RLIN) | 106278 |
| 942 ## - ADDED ENTRY ELEMENTS (KOHA) | |
| Source of classification or shelving scheme | |
| Koha item type | Book |
| Call number prefix | 355.41,WES |
| Withdrawn status | Lost status | Source of classification or shelving scheme | Damaged status | Not for loan | Permanent Location | Current Location | Shelving location | Date acquired | Full call number | Barcode | Date last seen | Price effective from | Koha item type | Public note |
|---|---|---|---|---|---|---|---|---|---|---|---|---|---|---|
| Military College of Signals (MCS) | Military College of Signals (MCS) | General Stacks | 12/12/2016 | 355.41,WES | MCS21526 | 12/08/2016 | 12/12/2016 | Book | Almirah No.53, Shelf No.3 | |||||
| Military College of Signals (MCS) | Military College of Signals (MCS) | General Stacks | 12/12/2016 | 355.41,WES | MCS21539 | 12/08/2016 | 12/12/2016 | Book | Almirah No.53, Shelf No.3 |
